000 01115cam a22003377a 4500
003 CHAP
005 20220329134014.0
008 971013s1957 r 00010 d
010 _a13976
011 _a14948
035 _a19022
040 _cCHAP
090 _aFolleto 495
100 0 0 _aBeltrán, Enrique.
_911476
245 1 3 _aEl agua como recurso natural renovable en la vida en México
260 _aMéxico, D. F. :
_bInstituto Nacional de Recursos Naturales Renovables,
_c1957
300 _a28 p.
490 0 _aEdiciones del IMRNR
_v; 17
590 _aBATCH-UPD
_b10
_c20130110
_lUCH01
_h0139
590 _aBATCH-UPD
_b10
_c20130110
_lUCH01
_h1904
590 _aBATCH-UPD
_b10
_c20130409
_lUCH01
_h2136
590 _aBATCH-UPD
_b10
_c20130914
_lUCH01
_h0558
590 _aCONVERSION
_b10
_c20130109
_lUCH01
_h1309
650 1 4 _aAgua
_xAprovechamiento.
_92282
650 1 4 _aRecursos naturales.
_995172
830 0 _aEdiciones del IMRNR
_v; 17
_935355
901 _aBK
942 _cFOLL
949 _aFolleto 495
_bBC
_cFOLL
_d-44193
_eTS1
_i19022
_si
949 _aFolleto 495
_bBC
_cFOLL
_d-44194
_eTS2
_fc.2
_i19022
_si
999 _c13976
_d13976